Budapesti házadómentesség
Elmentve itt :
| Szerző: | |
|---|---|
| Dokumentumtípus: | Cikk |
| Megjelent: |
1934
|
| Sorozat: | Polgári jog : a hazai és külföldi magánjog és hiteljog szemléje
10 |
| Kulcsszavak: | Házadó adómentesség 1929 |
| Online Access: | http://misc.bibl.u-szeged.hu/5095 |
| LEADER | 00597nab a2200169 i 4500 | ||
|---|---|---|---|
| 001 | misc5095 | ||
| 005 | 20191106142305.0 | ||
| 008 | 170607s1934 hu o 0|| hun d | ||
| 040 | |a SZTE Miscellanea Repozitórium |b hun | ||
| 041 | |a hun | ||
| 100 | 1 | |a Balla Ignác | |
| 245 | 1 | 0 | |a Budapesti házadómentesség |h [elektronikus dokumentum] / |c Balla Ignác |
| 260 | |c 1934 | ||
| 300 | |a 399a | ||
| 490 | 0 | |a Polgári jog : a hazai és külföldi magánjog és hiteljog szemléje |v 10 | |
| 695 | |a Házadó adómentesség 1929 | ||
| 856 | 4 | 0 | |u http://misc.bibl.u-szeged.hu/5095/1/polgari_jog_1934_399a.pdf |z Dokumentum-elérés |